000 00675nam a2200253Ia 4500
003 0100
008 130303s9999 xx 000 0 und d
020 _a0847686299
040 _cARRUPELIB
050 _aB2766.Z7K36 1998
245 _aKant's groundwork of the metaphysics of morals
245 _bcritical essays
260 _aNew York
260 _bRowman and littlefield Publishers
260 _C1998
300 _a369p.
300 _b 23cm
440 _aCritical essays on the classics
650 _aETHICS
650 _bMonasticism and religious orders-Early church
650 _cCivilization, Occidental
700 _aGuyer, Paul (ed.)
942 0 0 _02
999 _c17213
_d17213